000 00420 a2200145 4500
005 20250318121253.0
020 _a978-2-01-155420-8
082 _a415 BER
100 _aBERTHET, A.
245 _aAlter Ego :Methode De Francais
260 _aParis
_bHachette Livre,
_c2006.
300 _a192p.: ill.; picture,
_bindex,
_c28cm.
700 _aHUGOT, C. , KIZIRIAN, V. M. ,SAMPSONIS, B. & WAENDENDRIES, M.
942 _2ddc
_cBKS
999 _c903
_d903